000 01004cam a2200289 a 4500
001 14637251
003 AR-RoIUNI
005 20190903143015.0
008 061116s2004 ag a b 000 0 spa
010 _a 2006495944
020 _a9879381300
040 _aDLC
_cIUNIR
041 0 _aspa
_aita
043 _as-ag---
_ae-it---
080 _a811.131 LIS
100 1 _aLisi, Fulvia Gabriela.
245 1 0 _aInteracción del español y del italiano en el léxico y la articulación de los inmigrantes italianos inmediatos en la ciudad de Salta
_cFulvia Gabriela Lisi
250 _aEd. bilingüe español-italiano.
260 _aSalta, Argentina :
_bCentro Toscano,
_c2004.
300 _axvi, 134 p. :
_bill. ;
_c20 cm.
500 _a"Edición bilingüe Español - Italiano."
650 1 0 _aItaliano
_9544
_xLengua
650 1 4 _aEspañol
_xLengua
906 _a7
_bcbc
_ccopycat
_d2
_encip
_f20
_gy-gencatlg
942 _2cdu
_cBK
999 _c5103
_d5103